00225nam a2200085Ia 450000100070000000500170000700800410002424500530006526000210011897732220250826220724.0250824s9999 xx 000 0 und d 0aŞARKIN KANDİLİcYazar Adı Belirtilmemiş bKETEBE YAYINLARI